00446nam a2200181Ia 4500003000400000005001700004008004100021020001900062040000700081041000800088082001300096100001200109245006100121260004500182300000900227650001400236700001400250OSt20250922095714.0250729s2005 xx 000 0 und d a978-8171692255 cAL aeng a370 RAOC aRao V K aComparitive educaton the methods of analysis and enquiry aNew DelhibCommonwealth Publishersc2005 a280p aEducation aReddy R S